| 000 | 01635nam a22004217a 4500 | ||
|---|---|---|---|
| 003 | CHAP | ||
| 005 | 20220329143534.0 | ||
| 008 | 100422s2010 mx r 00010 spa d | ||
| 010 | _a98215 | ||
| 011 | _a99187 | ||
| 035 | _a109872 | ||
| 040 | _cCHAP | ||
| 090 | _aTesis | ||
| 100 | 1 |
_aLópez Baca, Carolina. _967691 |
|
| 245 | 1 | 0 |
_aPlantación comercial de Pinus hartwegii Lindl., en los Llanos de San Miguel Topilejo, Tlalpan, D.F. _c/por Carolina López Baca y Zulma Olivia Rivera Mejía |
| 260 |
_aChapingo, Méx. : _bEl autor, _c2010 |
||
| 300 |
_axii, 95 h. : _bcuadros, gráfs. |
||
| 502 | _aTesis (Ing. en Reforestación Forestal) -- UACH. División de Ciencias Forestales | ||
| 530 | _aTambién disponible en línea | ||
| 590 |
_aALEPH _b10 _c20130110 _lUCH01 _h1533 |
||
| 590 |
_aBATCH-UPD _b10 _c20130110 _lUCH01 _h1419 |
||
| 590 |
_aBATCH-UPD _b10 _c20130410 _lUCH01 _h0902 |
||
| 590 |
_aBATCH-UPD _b10 _c20130914 _lUCH01 _h1112 |
||
| 590 |
_aBATCH-UPD _b10 _c20140324 _lUCH01 _h1516 |
||
| 590 |
_aBATCH-UPD _b10 _c20141002 _lUCH01 _h0842 |
||
| 590 |
_aCONVERSION _b10 _c20130109 _lUCH01 _h1354 |
||
| 650 | 1 | 4 |
_aCuencas. _930085 |
| 650 | 1 | 4 |
_aEcología forestal. _935176 |
| 650 | 1 | 4 |
_aPinus hartwegii. _988340 |
| 650 | 1 | 4 |
_aPlantación de árboles. _988782 |
| 650 | 1 | 4 |
_aReforestación _xMéxico (D.F.) _995499 |
| 650 | 1 | 4 |
_aSuelos _xMuestreo. _9110447 |
| 856 |
_3Finding aid _uhttp://10.13.5.2/tesis/109872.pdf _zTeclea aqui |
||
| 901 | _aBK | ||
| 942 | _cFOLL | ||
| 949 |
_aTesis _bBC _cTES _d33724002166496 _eTS1 _gDonaciØn _h50384 _i109872 _sb |
||
| 949 |
_aTesis _bBC _cTES _d33724002166538 _eTS2 _fc.2 _gDonaciØn _h50385 _i109872 _si |
||
| 999 |
_c98215 _d98215 |
||